<?xml version="1.0" encoding="UTF-8"?>
<record
    xmlns:xsi="http://www.w3.org/2001/XMLSchema-instance"
    xsi:schemaLocation="http://www.loc.gov/MARC21/slim http://www.loc.gov/standards/marcxml/schema/MARC21slim.xsd"
    xmlns="http://www.loc.gov/MARC21/slim">

  <leader>00555nam a22001817a 4500</leader>
  <controlfield tag="003">OSt</controlfield>
  <controlfield tag="008">200706b           ||||| |||| 00| 0 eng d</controlfield>
  <datafield tag="020" ind1=" " ind2=" ">
    <subfield code="a">9788123928814</subfield>
  </datafield>
  <datafield tag="082" ind1=" " ind2=" ">
    <subfield code="a">615.107 SID</subfield>
  </datafield>
  <datafield tag="100" ind1=" " ind2=" ">
    <subfield code="a">Singh, Gajendra</subfield>
  </datafield>
  <datafield tag="245" ind1=" " ind2=" ">
    <subfield code="a">Drug Regulatory Affairs</subfield>
  </datafield>
  <datafield tag="250" ind1=" " ind2=" ">
    <subfield code="a">April 6, 2018</subfield>
  </datafield>
  <datafield tag="260" ind1=" " ind2=" ">
    <subfield code="a">New Delhi</subfield>
    <subfield code="b">CBS Publishers &amp; Distributors Pvt. Ltd. Pvt. Ltd.</subfield>
  </datafield>
  <datafield tag="300" ind1=" " ind2=" ">
    <subfield code="a">Pg. 192 </subfield>
  </datafield>
  <datafield tag="650" ind1=" " ind2=" ">
    <subfield code="a">Pharmaceutics- Drug Delivery Systems,Pharmaceutical Engineering Regularity Science</subfield>
  </datafield>
  <datafield tag="700" ind1=" " ind2=" ">
    <subfield code="a">Agarwal, Gaurav &amp; Gupta, Vipul </subfield>
  </datafield>
  <datafield tag="942" ind1=" " ind2=" ">
    <subfield code="2">ddc</subfield>
    <subfield code="c">BK</subfield>
  </datafield>
  <datafield tag="999" ind1=" " ind2=" ">
    <subfield code="c">8698</subfield>
    <subfield code="d">8698</subfield>
  </datafield>
  <datafield tag="952" ind1=" " ind2=" ">
    <subfield code="0">0</subfield>
    <subfield code="1">0</subfield>
    <subfield code="2">ddc</subfield>
    <subfield code="4">0</subfield>
    <subfield code="7">0</subfield>
    <subfield code="8">BP</subfield>
    <subfield code="a">PIET</subfield>
    <subfield code="b">PIET</subfield>
    <subfield code="d">2020-02-01</subfield>
    <subfield code="e">Kirti Prakashan</subfield>
    <subfield code="f">IN Rupees</subfield>
    <subfield code="g">450.00</subfield>
    <subfield code="k">IN6239</subfield>
    <subfield code="l">0</subfield>
    <subfield code="o">615.107 SID</subfield>
    <subfield code="p">BP703</subfield>
    <subfield code="r">2020-07-06 00:00:00</subfield>
    <subfield code="v">290.25</subfield>
    <subfield code="w">2020-02-01</subfield>
    <subfield code="y">REF</subfield>
  </datafield>
  <datafield tag="952" ind1=" " ind2=" ">
    <subfield code="0">0</subfield>
    <subfield code="1">0</subfield>
    <subfield code="2">ddc</subfield>
    <subfield code="4">0</subfield>
    <subfield code="7">0</subfield>
    <subfield code="8">BP</subfield>
    <subfield code="a">PIET</subfield>
    <subfield code="b">PIET</subfield>
    <subfield code="d">2020-02-01</subfield>
    <subfield code="e">Kirti Prakashan</subfield>
    <subfield code="f">IN Rupees</subfield>
    <subfield code="g">450.00</subfield>
    <subfield code="k">IN6239</subfield>
    <subfield code="l">1</subfield>
    <subfield code="o">615.107 SID</subfield>
    <subfield code="p">BP704</subfield>
    <subfield code="r">2025-10-29 00:00:00</subfield>
    <subfield code="s">2025-06-17</subfield>
    <subfield code="v">290.25</subfield>
    <subfield code="w">2020-02-01</subfield>
    <subfield code="y">BK</subfield>
  </datafield>
  <datafield tag="952" ind1=" " ind2=" ">
    <subfield code="0">0</subfield>
    <subfield code="1">0</subfield>
    <subfield code="2">ddc</subfield>
    <subfield code="4">0</subfield>
    <subfield code="7">0</subfield>
    <subfield code="8">BP</subfield>
    <subfield code="a">PIET</subfield>
    <subfield code="b">PIET</subfield>
    <subfield code="d">2023-10-12</subfield>
    <subfield code="e">KIRTI PRAKSHAN</subfield>
    <subfield code="f">RUPEES</subfield>
    <subfield code="g">525.00</subfield>
    <subfield code="k">IN-1041</subfield>
    <subfield code="l">0</subfield>
    <subfield code="o">615.107 SID</subfield>
    <subfield code="p">BP2175</subfield>
    <subfield code="r">2023-10-17 00:00:00</subfield>
    <subfield code="v">341.25</subfield>
    <subfield code="w">2023-10-05</subfield>
    <subfield code="y">BK</subfield>
  </datafield>
  <datafield tag="952" ind1=" " ind2=" ">
    <subfield code="0">0</subfield>
    <subfield code="1">0</subfield>
    <subfield code="2">ddc</subfield>
    <subfield code="4">0</subfield>
    <subfield code="7">0</subfield>
    <subfield code="8">BP</subfield>
    <subfield code="a">PIET</subfield>
    <subfield code="b">PIET</subfield>
    <subfield code="d">2023-10-12</subfield>
    <subfield code="e">KIRTI PRAKSHAN</subfield>
    <subfield code="f">RUPEES</subfield>
    <subfield code="g">525.00</subfield>
    <subfield code="k">IN-1041</subfield>
    <subfield code="l">1</subfield>
    <subfield code="o">615.107 SID</subfield>
    <subfield code="p">BP2176</subfield>
    <subfield code="r">2024-08-14 00:00:00</subfield>
    <subfield code="s">2024-07-30</subfield>
    <subfield code="v">341.25</subfield>
    <subfield code="w">2023-10-05</subfield>
    <subfield code="y">BK</subfield>
  </datafield>
  <datafield tag="952" ind1=" " ind2=" ">
    <subfield code="0">0</subfield>
    <subfield code="1">0</subfield>
    <subfield code="2">ddc</subfield>
    <subfield code="4">0</subfield>
    <subfield code="7">0</subfield>
    <subfield code="8">BP</subfield>
    <subfield code="a">PIET</subfield>
    <subfield code="b">PIET</subfield>
    <subfield code="d">2023-10-12</subfield>
    <subfield code="e">KIRTI PRAKSHAN</subfield>
    <subfield code="f">RUPEES</subfield>
    <subfield code="g">525.00</subfield>
    <subfield code="k">IN-1041</subfield>
    <subfield code="l">0</subfield>
    <subfield code="o">615.107 SID</subfield>
    <subfield code="p">BP2177</subfield>
    <subfield code="r">2023-10-17 00:00:00</subfield>
    <subfield code="v">341.25</subfield>
    <subfield code="w">2023-10-05</subfield>
    <subfield code="y">BK</subfield>
  </datafield>
  <datafield tag="952" ind1=" " ind2=" ">
    <subfield code="0">0</subfield>
    <subfield code="1">0</subfield>
    <subfield code="2">ddc</subfield>
    <subfield code="4">0</subfield>
    <subfield code="7">0</subfield>
    <subfield code="8">BP</subfield>
    <subfield code="a">PIET</subfield>
    <subfield code="b">PIET</subfield>
    <subfield code="d">2023-10-12</subfield>
    <subfield code="e">KIRTI PRAKSHAN</subfield>
    <subfield code="f">RUPEES</subfield>
    <subfield code="g">525.00</subfield>
    <subfield code="k">IN-1041</subfield>
    <subfield code="l">0</subfield>
    <subfield code="o">615.107 SID</subfield>
    <subfield code="p">BP2178</subfield>
    <subfield code="r">2023-10-17 00:00:00</subfield>
    <subfield code="v">341.25</subfield>
    <subfield code="w">2023-10-05</subfield>
    <subfield code="y">BK</subfield>
  </datafield>
  <datafield tag="952" ind1=" " ind2=" ">
    <subfield code="0">0</subfield>
    <subfield code="1">0</subfield>
    <subfield code="2">ddc</subfield>
    <subfield code="4">0</subfield>
    <subfield code="7">0</subfield>
    <subfield code="8">BP</subfield>
    <subfield code="a">PIET</subfield>
    <subfield code="b">PIET</subfield>
    <subfield code="d">2023-10-12</subfield>
    <subfield code="e">KIRTI PRAKSHAN</subfield>
    <subfield code="f">RUPEES</subfield>
    <subfield code="g">525.00</subfield>
    <subfield code="k">IN-1041</subfield>
    <subfield code="l">0</subfield>
    <subfield code="o">615.107 SID</subfield>
    <subfield code="p">BP2179</subfield>
    <subfield code="r">2023-10-17 00:00:00</subfield>
    <subfield code="v">341.25</subfield>
    <subfield code="w">2023-10-05</subfield>
    <subfield code="y">BK</subfield>
  </datafield>
  <datafield tag="952" ind1=" " ind2=" ">
    <subfield code="0">0</subfield>
    <subfield code="1">0</subfield>
    <subfield code="2">ddc</subfield>
    <subfield code="4">0</subfield>
    <subfield code="7">0</subfield>
    <subfield code="8">BP</subfield>
    <subfield code="a">PIET</subfield>
    <subfield code="b">PIET</subfield>
    <subfield code="d">2023-10-12</subfield>
    <subfield code="e">KIRTI PRAKSHAN</subfield>
    <subfield code="f">RUPEES</subfield>
    <subfield code="g">525.00</subfield>
    <subfield code="k">IN-1041</subfield>
    <subfield code="l">0</subfield>
    <subfield code="o">615.107 SID</subfield>
    <subfield code="p">BP2180</subfield>
    <subfield code="r">2023-10-17 00:00:00</subfield>
    <subfield code="v">341.25</subfield>
    <subfield code="w">2023-10-05</subfield>
    <subfield code="y">BK</subfield>
  </datafield>
  <datafield tag="952" ind1=" " ind2=" ">
    <subfield code="0">0</subfield>
    <subfield code="1">0</subfield>
    <subfield code="2">ddc</subfield>
    <subfield code="4">0</subfield>
    <subfield code="7">0</subfield>
    <subfield code="8">BP</subfield>
    <subfield code="a">PIET</subfield>
    <subfield code="b">PIET</subfield>
    <subfield code="d">2023-10-12</subfield>
    <subfield code="e">KIRTI PRAKSHAN</subfield>
    <subfield code="f">RUPEES</subfield>
    <subfield code="g">525.00</subfield>
    <subfield code="k">IN-1041</subfield>
    <subfield code="l">0</subfield>
    <subfield code="o">615.107 SID</subfield>
    <subfield code="p">BP2181</subfield>
    <subfield code="r">2023-10-17 00:00:00</subfield>
    <subfield code="v">341.25</subfield>
    <subfield code="w">2023-10-05</subfield>
    <subfield code="y">BK</subfield>
  </datafield>
  <datafield tag="952" ind1=" " ind2=" ">
    <subfield code="0">0</subfield>
    <subfield code="1">0</subfield>
    <subfield code="2">ddc</subfield>
    <subfield code="4">0</subfield>
    <subfield code="7">0</subfield>
    <subfield code="8">BP</subfield>
    <subfield code="a">PIET</subfield>
    <subfield code="b">PIET</subfield>
    <subfield code="d">2023-10-12</subfield>
    <subfield code="e">KIRTI PRAKSHAN</subfield>
    <subfield code="f">RUPEES</subfield>
    <subfield code="g">525.00</subfield>
    <subfield code="k">IN-1041</subfield>
    <subfield code="l">0</subfield>
    <subfield code="o">615.107 SID</subfield>
    <subfield code="p">BP2182</subfield>
    <subfield code="r">2023-10-17 00:00:00</subfield>
    <subfield code="v">341.25</subfield>
    <subfield code="w">2023-10-05</subfield>
    <subfield code="y">BK</subfield>
  </datafield>
  <datafield tag="952" ind1=" " ind2=" ">
    <subfield code="0">0</subfield>
    <subfield code="1">0</subfield>
    <subfield code="2">ddc</subfield>
    <subfield code="4">0</subfield>
    <subfield code="7">0</subfield>
    <subfield code="8">BP</subfield>
    <subfield code="a">PIET</subfield>
    <subfield code="b">PIET</subfield>
    <subfield code="d">2023-10-12</subfield>
    <subfield code="e">KIRTI PRAKSHAN</subfield>
    <subfield code="f">RUPEES</subfield>
    <subfield code="g">525.00</subfield>
    <subfield code="k">IN-1041</subfield>
    <subfield code="l">0</subfield>
    <subfield code="o">615.107 SID</subfield>
    <subfield code="p">BP2183</subfield>
    <subfield code="r">2023-10-17 00:00:00</subfield>
    <subfield code="v">341.25</subfield>
    <subfield code="w">2023-10-05</subfield>
    <subfield code="y">BK</subfield>
  </datafield>
  <datafield tag="952" ind1=" " ind2=" ">
    <subfield code="0">0</subfield>
    <subfield code="1">0</subfield>
    <subfield code="2">ddc</subfield>
    <subfield code="4">0</subfield>
    <subfield code="7">0</subfield>
    <subfield code="8">BP</subfield>
    <subfield code="a">PIET</subfield>
    <subfield code="b">PIET</subfield>
    <subfield code="d">2023-10-12</subfield>
    <subfield code="e">KIRTI PRAKSHAN</subfield>
    <subfield code="f">RUPEES</subfield>
    <subfield code="g">525.00</subfield>
    <subfield code="k">IN-1041</subfield>
    <subfield code="l">0</subfield>
    <subfield code="o">615.107 SID</subfield>
    <subfield code="p">BP2184</subfield>
    <subfield code="r">2023-10-17 00:00:00</subfield>
    <subfield code="v">341.25</subfield>
    <subfield code="w">2023-10-05</subfield>
    <subfield code="y">BK</subfield>
  </datafield>
</record>
